[Event "Eje Cafetero Region 3rd"]
[Site "Eje Cafetero"]
[Date "2009.03.21"]
[Round "2.19"]
[White "Guelgua, Alvaro"]
[Black "Gordillo, Nelson Francisco"]
[Result "1-0"]
[WhiteElo "1990"]
[BlackElo "1628"]
[PlyCount "51"]
[EventDate "2009.03.21"]
[EventType "swiss"]
[EventRounds "7"]
[EventCountry "COL"]
[SourceTitle "EXT 2024"]
[Source "ChessBase"]
[SourceDate "2023.10.10"]
[SourceVersion "1"]
[SourceVersionDate "2023.10.10"]
[SourceQuality "1"]

1. e4 c5 2. Nf3 g6 3. d4 cxd4 4. Qxd4 Nf6 5. Bb5 a6 6. e5 Nh5 7. e6 Bg7 8. exf7+ Kf8 9. Qa4 Qb6 10. Na3 Nc6 11. 0-0 Nf6 12. Be3 Qc7 13. Bxc6 dxc6 14. Bf4 Qd8 15. Rad1 Bd7 16. Ne5 Nd5 17. Rxd5 cxd5 18. Nxd7+ Kxf7 19. Ne5+ Bxe5 20. Bxe5 Rf8 21. Rd1 e6 22. c4 Qg5 23. f4 Qe7 24. cxd5 exd5 25. Rxd5 Rad8 26. Qb4 1-0